Statistics for Olympiacos Scorers in 2010s Champions League

Click here to take the quiz!

General Stats

  • This quiz has been taken 108 times
  • The average score is 12 of 28

Answer Stats

PlayerNationGls% Correct
Kostas MitroglouGreece11
96%
Alejandro DomínguezArgentina4
75%
Felipe PardoColombia5
68%
Rafik DjebbourAlgeria2
68%
Pajtim KasamiSwitzerland1
65%
Joel CampbellCosta Rica1
63%
Vladimír WeissSlovakia1
58%
David FusterSpain3
51%
Alfreð FinnbogasonIceland1
49%
Brown IdeyeNigeria1
46%
Arthur MasuakuRD Congo1
45%
Giannis ManiatisGreece1
45%
Javier SaviolaArgentina2
45%
Kostas ManolasGreece2
45%
Ibrahim AfellayNetherlands2
44%
Djamel AbdounAlgeria1
38%
Vasilis TorosidisGreece2
37%
Alberto BotíaSpain1
32%
Leandro GrecoItaly1
31%
François ModestoFrance2
25%
Giannis FetfatzidisGreece1
25%
José HolebasGreece1
25%
Ieroklis StoltidisGreece1
24%
Vadis Odjidja-OfoeBelgium1
24%
Delvin N'DingaCongo1
23%
Dimitris NikolaouGreece1
20%
Paulo MachadoPortugal1
11%
Leonardo Pereira de OliveiraBrazil1
1%

Score Distribution

Percentile by Number Answered

Percent of People with Each Score

Your Score History

You have not taken this quiz